载入...

European broadcasting law and policy

书目详细资料
主要作者: Harrison, Jackie Woods, Lorna
语言:English
出版: Cambridge Cambridge University Press 2007
丛编:Cambridge Studies in European law and policy
主题:
LEADER 00634nam a22001817a 4500
003 OSt
008 090812t xxu||||| |||| 00| 0 eng d
020 |a 9780521613309 
080 |a 347.83(4)  |b HAR 
100 |a Harrison, Jackie  |a Woods, Lorna  |9 4698 
245 |a European broadcasting law and policy 
260 |a Cambridge  |b Cambridge University Press  |c 2007 
300 |a 367p. 
440 |a Cambridge Studies in European law and policy  |9 4699 
653 |a Broadcasting law-Europe 
942 |c IPR  |6 _ 
999 |c 189139  |d 189139 
952 |0 0  |1 0  |4 0  |6 347834_HAR  |7 0  |9 244064  |a SLS  |b SLS  |c IPR  |d 2009-08-12  |o 347.83(4) HAR  |p SLS027059  |r 2009-08-12  |w 2009-08-12  |y IPR